Welcome to WEB OPAC of MRSPTU Central Library

Computational Physics: An introduction (Record no. 6160)

MARC details
000 -LEADER
fixed length control field 00452nam a2200181Ia 4500
008 - FIXED-LENGTH DATA ELEMENTS--GENERAL INFORMATION
fixed length control field 230711s9999||||xx |||||||||||||| ||und||
020 ## - INTERNATIONAL STANDARD BOOK NUMBER
International Standard Book Number 978-81-224-1659-6
041 ## - LANGUAGE CODE
Language code of text/sound track or separate title ENG
082 ## - DEWEY DECIMAL CLASSIFICATION NUMBER
Classification number 530
Item number VE-C
100 ## - MAIN ENTRY--PERSONAL NAME
Personal name Verma,R.C
245 #0 - TITLE STATEMENT
Title Computational Physics: An introduction
250 ## - EDITION STATEMENT
Edition statement 1st Ed.
260 ## - PUBLICATION, DISTRIBUTION, ETC.
Date of publication, distribution, etc. 2014
Place of publication, distribution, etc. New Delhi
Name of publisher, distributor, etc. New Age International Publishers
300 ## - PHYSICAL DESCRIPTION
Extent 377p.
650 ## - SUBJECT ADDED ENTRY--TOPICAL TERM
Topical term or geographic name entry element Physics
700 ## - ADDED ENTRY--PERSONAL NAME
Personal name Ahluwalia,P.K
942 ## - ADDED ENTRY ELEMENTS (KOHA)
Koha item type Book
Holdings
Withdrawn status Lost status Damaged status Not for loan Collection Home library Current library Date acquired Cost, normal purchase price Inventory number Total checkouts Full call number Barcode Date last seen Date last checked out Price effective from Koha item type
          MRSPTU Central Library MRSPTU Central Library   260.00 KBD/2016-2017/959642808 1 530 VE-C 34345 02/18/2025 09/10/2024 08/17/2023 Book
          MRSPTU Central Library MRSPTU Central Library   260.00 KBD/2016-2017/959642808   530 VE-C 34346 08/17/2023   08/17/2023 Book
          MRSPTU Central Library MRSPTU Central Library   260.00 KBD/2016-2017/959642808   530 VE-C 34347 08/17/2023   08/17/2023 Book
          MRSPTU Central Library MRSPTU Central Library   260.00 KBD/2016-2017/959642808   530 VE-C 34348 08/17/2023   08/17/2023 Book
          MRSPTU Central Library MRSPTU Central Library   260.00 KBD/2016-2017/959642808   530 VE-C 34349 08/17/2023   08/17/2023 Book

Website Designed and Developed by MRSPTU Central Library Team

E-mail Id: librarian@mrsptu.ac.in